| 000 | 02631cam a2200361 a 4500 | ||
|---|---|---|---|
| 999 |
_c28264 _d28235 |
||
| 001 | 3942612 | ||
| 003 | EG-ScBUE | ||
| 005 | 20200308104952.0 | ||
| 008 | 930621t1993 dcu f bd 000 0 eng d | ||
| 020 | _a0841227098 | ||
| 040 |
_aDLC _beng _erda _cDLC _dDLC _dEG-ScBUE |
||
| 082 | 0 | 0 |
_a541.34503 _bSCH _222 |
| 100 | 1 |
_aSchramm, Laurier L., _d1954- _eauthor. |
|
| 245 | 1 | 4 |
_aThe language of colloid and interface science : _ba dictionary of terms / _cLaurier L. Schramm. |
| 264 | 1 |
_aWashington, DC : _bAmerican Chemical Society, _c[1993] |
|
| 264 | 4 | _cc1993 | |
| 300 |
_axi, 195 pages ; _c24 cm. |
||
| 336 |
_2rdacontent _atext _btxt |
||
| 337 |
_2rdamedia _aunmediated _bn |
||
| 338 |
_2rdacarrier _avolume _bnc |
||
| 490 | 0 | _aACS professional reference book | |
| 504 | _aIncludes bibliographical references. | ||
| 520 | _aEvery scientific or technological field that is in an active state of research and development also has an actively growing vocabulary. Colloid and interface science is no exception. Many scientific disciplines are involved in the study of colloids and interfaces, each discipline bringing elements of its own special language. This dictionary provides brief explanations for the most important terms that may be encountered in a study of the fundamental principles, experimental investigations, and industrial applications of colloid and interface science. Current and older terms are included, and special attention is given to older terms that once had quite different meanings. Cross-references for the more important synonyms, abbreviations, and acronyms are given. The book presents useful tables of similar terms, acronyms having related but different meanings, and useful predictive equations for physical properties. Finally, a selection of references to books and journal articles is included. This book will be an essential source for scientists and engineers involved in any aspect of colloid and interface science. It is also suitable for students and for researchers who wish to move into, or just learn parts of, the field. | ||
| 650 | 7 |
_aColloids _xDictionaries. _2BUEsh _97422 |
|
| 650 | 7 |
_aSurface chemistry _xDictionaries. _2BUEsh |
|
| 653 |
_bGGEN _cMarch2020 |
||
| 655 |
_vReading book _934232 |
||
| 856 | 4 | 2 |
_3Publisher description _uhttp://www.loc.gov/catdir/enhancements/fy0639/93025680-d.html |
| 906 |
_a7 _bcbc _corignew _d1 _eocip _f19 _gy-gencatlg |
||
| 942 |
_2ddc _cBB |
||